000 00986nam a22002177a 4500
999 _c8370
_d8370
003 AR-CdUCM
008 190325b ||||| |||| 00| 0 spa d
040 _aMUNICIPALIDAD PROVINCIAL DEL CUSCO
_cBIBLIOTECA MUNICIPAL DEL CUSCO
082 _a621.385 /
_bK79
100 _aKrarup Erlang, Agner
_923496
245 _aSolución de algunos problemas en la teoría de probabilidades de importancia en centrales telefónicas automáticas /
260 _aMéxico :
_bInstituto politécnico nacional,
_c1976.
300 _a63 paginas ;
_c17 cm.
440 _aCiencia y técnica
_n4
_923497
505 _aContenido : Nota biográfica de Agner Krarup Erlang -- A. K. Erlang "Solución de algunos problemas en la teoría de probabilidades importancia en centrales telefónicas automáticas" -- Apéndice cronología de trabajo de A. K. Erlang ...
650 _aBiografía
_922
650 _aCentrales telefónicas
_923498
650 _aAutomáticas
_923499
942 _2ddc
_cLIBROS
945 _arah